00341nam a2200133Ia 450000500170000000800410001702000150005808200130007310000220008624500250010826000520013330000120018565000100019720250430042443.0240331s9999 xx 000 0 und d a955920954X bWICa891 aWickramatunge,J.H 0aDusirithe awatharaya aColombobGunasiri Printers & Publishers Pvt Ltd a55 p ., aStory